000 01415nam0a2200301 4500
001 RU\NLR\BIBL_A\022714157
005 20260407163702.0
010 _a978-5-903630-19-6
_9500
021 _aRU
_bКН-П-25-076190
_9КН-П-25-7382
035 _a(NLR Aleph) 022714157
090 _a13653566
_c13653566
100 _a20260130d2025 u y0rusy50 ca
101 0 _arus
102 _aRU
105 _aa|||j|||000yy
181 0 _ai3
_baxxe
182 0 _an
200 1 _aРазвитие профессиональной творческой активности педагогов
_eучебно-методическое пособие для педагогов школ, колледжей, техникумов, высших учебных заведений и педагогов дополнительного образования
_fК. Р. Хачатурова
203 _aТекст
_bвизуальный
_cнепосредственный
210 _aУльяновск
_cЗебра
_d2025
215 _a83 с.
_cил., табл.
_d21
606 1 _aПедагоги
_xПрофессиональное развитие
_jУчебные издания
_2nlr_sh2
_2nlr_sh1
_3RU\NLR\AUTH\661596821
686 1 _aЧ314.21я7
700 1 _aХачатурова
_bК. Р.
_gКарине Робертовна
942 _cBOOK
980 _aNB